O Canada Lyrics (English) - Statistics

General Stats
  • This quiz has been taken 16 times
  • The average score is 36 of 63
Answer Stats
Answer % Correct
Canada
100%
Canada
100%
Canada
100%
Canada
100%
O
100%
O
100%
O
100%
O
100%
Home
79%
Land
79%
Land
79%
Our
79%
Our
79%
The
79%
And
71%
And
71%
And
71%
And
71%
Love
71%
All
64%
Native
64%
True
64%
True
64%
Command
57%
On
57%
On
57%
On
57%
Patriot
57%
We
57%
We
57%
We
57%
We
57%
For
50%
For
50%
For
50%
Of
50%
Thee
50%
Thee
50%
Thee
50%
Thee
50%
Free
43%
Free
43%
North
43%
Stand
43%
Stand
43%
Stand
43%
Strong
43%
From
36%
God
36%
Guard
36%
Guard
36%
Guard
36%
Hearts
36%
In
36%
See
36%
Us
36%
With
36%
Far
29%
Glorious
29%
Keep
29%
Rise
29%
Wide
29%
Glowing
21%
No matching quizzes found
Score Distribution
Percent of People with Each Score
Percentile by Number Answered
Your Score History
You have not taken this quiz